000 00507nam a2200193Ia 4500
008 151121s9999||||xx |||||||||||||| ||und||
082 _aC। S।
082 _bHNW-56269
100 _aGupta Rupa
245 _aRomantic Tales From Indian Classics
260 _b"Hemkant Press, N। Delhi।"
260 _c--
300 _a86
600 _aGupta Rupa
630 _aRomantic Tales From Indian Classics
700 _aGupta Rupa
730 _aRomantic Tales From Indian Classics
942 _cBOOK
999 _c1238868
_d1238865